000
00232 a2200073 4500
245
0
_a
EGNOS Workshop /
_c
.
710
2
_a
Polski Punkt Informacyjny Galileo.
_e
Wydawca
_4
pbl
260
_a
Gdynia :
_b
Polski Punkt Informacyjny Galileo,
_c
2005.
300
_a
CD-ROM;
_c
0 cm.
999
_c
17557
_d
17557